000 00383nam a22001577a 4500
005 20170330100251.0
008 170330b xxu||||| |||| 00| 0 eng d
041 _aeng
100 _aPUNMIA,DR. B. C
_93585
245 _aIRRIGATION AND WATER POWER ENGINEERING
250 _a16TH
260 _bLAXHMI PUBLICATION
_c1992
300 _a964
650 _aENGINEERING
_93692
942 _cBK
999 _c5334
_d5332